مكتبة جامعة عجلون الوطنية

فهرس بحث المكتبة

مسؤولية الدولة عن أخطاء موظفيها = State responsibility for the mistakes of its employees / (Record no. 33995)

MARC details
000 -LEADER
fixed length control field 01053nam a22002057a 4500
003 - CONTROL NUMBER IDENTIFIER
control field JO-AjAnu
005 - DATE AND TIME OF LATEST TRANSACTION
control field 20250929132245.0
008 - FIXED-LENGTH DATA ELEMENTS--GENERAL INFORMATION
fixed length control field 250928b jo ||||| |||| 00| 0 ara d
040 ## - CATALOGING SOURCE
Original cataloging agency JO-AjAnu
Language of cataloging ara
Transcribing agency JO-AjAnu
Modifying agency JO-AjAnu
Description conventions rda
041 #0 - LANGUAGE CODE
Language code of text/sound track or separate title ara
Language code of original ara
050 ## - LIBRARY OF CONGRESS CALL NUMBER
Classification number K2205
Item number 2025
100 #1 - MAIN ENTRY--PERSONAL NAME
Personal name الجبالي، ختام عبدالسلام محمود
Relator term معد
9 (RLIN) 66668
245 #0 - TITLE STATEMENT
Title مسؤولية الدولة عن أخطاء موظفيها = State responsibility for the mistakes of its employees /
Statement of responsibility, etc. اعداد ختام عبدالسلام محمود الجبالي ؛ اشراف محمد فريحات
260 ## - PUBLICATION, DISTRIBUTION, ETC.
Place of publication, distribution, etc. 2025
300 ## - PHYSICAL DESCRIPTION
Extent 141 ورقة
504 ## - BIBLIOGRAPHY, ETC. NOTE
Bibliography, etc. note رسالة جامعية( رسالة ماجستير في القانون) - جامعة عجلون الوطنية، (عجلون، الاردن) كلية الحقوق، قسم القانون، 2025.
650 70 - SUBJECT ADDED ENTRY--TOPICAL TERM
Topical term or geographic name entry element المسؤولية الحكومية- الموظفون- قوانين- الاردن.
9 (RLIN) 66669
700 #1 - ADDED ENTRY--PERSONAL NAME
Personal name فريحات، محمد شفيق
Dates associated with a name مشرف
9 (RLIN) 65254
942 ## - ADDED ENTRY ELEMENTS (KOHA)
Source of classification or shelving scheme Library of Congress Classification
Koha item type Thesis
Suppress in OPAC No
Holdings
Withdrawn status Lost status Source of classification or shelving scheme Damaged status Not for loan Home library Current library Date acquired Total Checkouts Full call number Barcode Date last seen Price effective from Koha item type
    Library of Congress Classification     مكتبة جامعة عجلون الوطنية مكتبة جامعة عجلون الوطنية 28/09/2025   K2205 2025 a30360 28/09/2025 28/09/2025 Thesis
    Library of Congress Classification     مكتبة جامعة عجلون الوطنية مكتبة جامعة عجلون الوطنية 28/09/2025   K2205 2025 a30359 28/09/2025 28/09/2025 Thesis